<?xml version="1.0" encoding="UTF-8"?>
<record
    xmlns:xsi="http://www.w3.org/2001/XMLSchema-instance"
    xsi:schemaLocation="http://www.loc.gov/MARC21/slim http://www.loc.gov/standards/marcxml/schema/MARC21slim.xsd"
    xmlns="http://www.loc.gov/MARC21/slim">

  <leader>01190nam a2200289 i 4500</leader>
  <controlfield tag="001">179645</controlfield>
  <controlfield tag="003">ES-MaACL</controlfield>
  <controlfield tag="005">20250811222446.0</controlfield>
  <controlfield tag="008">111228s2008    sp a         |||| |dspa d</controlfield>
  <datafield tag="080" ind1=" " ind2=" ">
    <subfield code="a">7.036(8=134)(083.824)</subfield>
  </datafield>
  <datafield tag="080" ind1=" " ind2=" ">
    <subfield code="a">821.134.2(7/8)-1"19"</subfield>
  </datafield>
  <datafield tag="245" ind1="0" ind2="0">
    <subfield code="a">Rituales de la papa </subfield>
    <subfield code="b">: arte iberoamericano contempor&#xE1;neo : sala de exposiciones Fundaci&#xF3;n Alianza Hisp&#xE1;nica, noviembre-diciembre 2008 / </subfield>
    <subfield code="c">[comisaria, textos, M&#xAA; del Socorro Morac].</subfield>
  </datafield>
  <datafield tag="260" ind1=" " ind2=" ">
    <subfield code="a">Madrid : </subfield>
    <subfield code="b">Embajada del Per&#xFA;, </subfield>
    <subfield code="c">2008.</subfield>
  </datafield>
  <datafield tag="300" ind1=" " ind2=" ">
    <subfield code="a">36 p. : </subfield>
    <subfield code="b">principalmente il. col. ; </subfield>
    <subfield code="c">21 x 24 cm.</subfield>
  </datafield>
  <datafield tag="505" ind1="8" ind2=" ">
    <subfield code="a">Contiene: ; </subfield>
    <subfield code="t">Poetas iberoamericanos contempor&#xE1;neos</subfield>
  </datafield>
  <datafield tag="650" ind1=" " ind2="7">
    <subfield code="a">Arte-</subfield>
    <subfield code="z">Am&#xE9;rica Latina-</subfield>
    <subfield code="y">S.XX-</subfield>
    <subfield code="v">Exposiciones</subfield>
    <subfield code="2"></subfield>
    <subfield code="9">148891</subfield>
  </datafield>
  <datafield tag="650" ind1="0" ind2="4">
    <subfield code="a">Patatas-</subfield>
    <subfield code="v">Historia.</subfield>
    <subfield code="9">15882</subfield>
  </datafield>
  <datafield tag="650" ind1=" " ind2="4">
    <subfield code="a">Poes&#xED;a hispanoamericana-</subfield>
    <subfield code="y">S.XX</subfield>
    <subfield code="9">16227</subfield>
  </datafield>
  <datafield tag="655" ind1=" " ind2="7">
    <subfield code="2">tgfbne</subfield>
    <subfield code="9">193628</subfield>
    <subfield code="a">Cat&#xE1;logos de exposiciones</subfield>
  </datafield>
  <datafield tag="700" ind1="1" ind2=" ">
    <subfield code="a">Morac de Asmat, Mar&#xED;a del Socorro.</subfield>
    <subfield code="9">148895</subfield>
  </datafield>
  <datafield tag="710" ind1="2" ind2=" ">
    <subfield code="a">Fundaci&#xF3;n Alianza Hisp&#xE1;nica.</subfield>
    <subfield code="9">148894</subfield>
  </datafield>
  <datafield tag="710" ind1="1" ind2=" ">
    <subfield code="a">Per&#xFA;. </subfield>
    <subfield code="b">Embajada (Espa&#xF1;a)</subfield>
    <subfield code="9">6213</subfield>
  </datafield>
  <datafield tag="740" ind1="0" ind2=" ">
    <subfield code="a">Poetas iberoamericanos contempor&#xE1;neos.</subfield>
  </datafield>
  <datafield tag="852" ind1=" " ind2=" ">
    <subfield code="a">ES-MaACL</subfield>
    <subfield code="j">2291-F-6</subfield>
  </datafield>
  <datafield tag="942" ind1=" " ind2=" ">
    <subfield code="2">udc</subfield>
  </datafield>
  <datafield tag="999" ind1=" " ind2=" ">
    <subfield code="c">179645</subfield>
    <subfield code="d">179645</subfield>
  </datafield>
  <datafield tag="952" ind1=" " ind2=" ">
    <subfield code="0">0</subfield>
    <subfield code="1">0</subfield>
    <subfield code="4">0</subfield>
    <subfield code="7">0</subfield>
    <subfield code="8">Colecci&#xF3;n_de_folletos</subfield>
    <subfield code="a">ATENEOM</subfield>
    <subfield code="b">ATENEOM</subfield>
    <subfield code="c">DEPOF</subfield>
    <subfield code="d">2011-12-28</subfield>
    <subfield code="e">DON</subfield>
    <subfield code="l">0</subfield>
    <subfield code="o">2291-F-6</subfield>
    <subfield code="p">1188724</subfield>
    <subfield code="r">2023-02-23 00:00:00</subfield>
    <subfield code="w">2023-02-23</subfield>
    <subfield code="y">FOLLETOS</subfield>
  </datafield>
</record>
